Reprezentacje na Euro 2012 - nagła śmierć - Statystyki

Ogólne statystyki
  • Ten quiz został rozwiązany 357 razy
  • Średni wynik to 8 z 12
Answers on the Grid
Answers color-coded by a green-red scale on the quiz's grid according to % correct below.
Polska
Anglia
Włochy
Szwajcaria
Hiszpania
Belgia
Portugalia
Austria
Niemcy
Szkocja
Szwecja
Słowacja
Słowenia
Rumunia
Węgry
Czechy
Chorwacja
Finlandia
Rosja
Mołdawia
Gruzja
Łotwa
Norwegia
Grecja
Cypr
Irlandia
Litwa
Liechtenstein
 
Statystyki odpowiedzi
Odpowiedź % Poprawnych
Polska
100%
Włochy
86%
Anglia
84%
Hiszpania
79%
Niemcy
69%
Portugalia
65%
Rosja
63%
Czechy
56%
Grecja
54%
Chorwacja
48%
Szwecja
38%
Irlandia
34%
Nie znaleziono quizów pasujących do podanych kryteriów
Rozkład punktacji
Procent ludzi z każdym wynikiem
Percentyl według liczby udzielonych odpowiedzi
Twoja historia wyników
Nie rozwiązałeś tego quizu